000 01083nam a2200289 i 4500
001 184242
003 ES-MaACL
005 20231117120742.0
008 150527s2010 sp d |||| |dspa d
020 _a978-84-92901-02-9
080 _a004:338.1
080 _a316.325
080 _a004.738.5:35
245 0 3 _aLa sociedad de la información y el conocimiento /
_cAníbal R. Figueiras (editor).
260 _aMadrid :
_bInstituto de España,
_c2010.
300 _a247 p. :
_bgráf. col. ;
_c25 cm.
504 _aReferencias bibliográficas.
650 7 _aTecnologías de la información y de la comunicación-
_xAspectos económicos.
_9161859
650 0 7 _aSociedad de la información.
_917174
650 7 _aInternet en la administración pública.
_9143243
700 1 _aFigueiras Vidal, Aníbal R.
_9156907
710 2 _aInstituto de España.
_94873
852 _aES-MaACL
_jA-13483
_9191226
_bR.150785
_cDEPO1
_dOlim: N-6483
_hDonación: Real Academia Española
914 _96336
_aReal Academia Española
_ednr
942 _2udc
_cMONOGRAFIA
999 _c184242
_d184242